Culture Générale - Série 1438 - Statistiques

Statistiques générales
  • Ce quiz a été pris 216 fois
  • Le résultat moyen est 5 sur 10
Statistiques - réponses
Question Réponse % Correct
Quelle langue est une langue officielle en Ouganda et en Australie ? anglais
91%
Quel était l'instrument de prédilection du musicien de jazz Michel Petrucciani ? piano
87%
En France, quel dramaturge, né en 1622, a donné son nom aux récompenses décernées chaque année aux théâtres public et privé ? Molière
85%
Le gouren est une variété de lutte traditionnelle d'une une région française; laquelle ? Bretagne
72%
Quel département d'outre-mer possède un parc naturel régional créé en 1976 ? Martinique
70%
Sous quel pseudo canin est plus connu le rappeur américain Calvin Broadus ? Snoop Dogg
34%
Quelle chanteuse américaine connaît le succès, en 1986, avec les tubes : "True Colors" et "What's Going on" ? Cyndi Lauper
28%
A quel chanteur britannique doit-on les tubes : "Millennium " et "Strong" ? Robbie Williams
19%
En 1830, qui réalisa la première machine à coudre ? Barthélémy Thimonnier
5%
Le surnom de l'équipe nationale japonaise de football est "Samurai... Blue
4%
Aucun quiz correspondant
Distribution des résultats
% des personnes avec chaque résultat
Percentile par nombre de réponses
Votre historique - résultats
Vous n’avez pas pris ce quiz